006300000a22001930004500003001100000005001700011008004100028020001500069040003900084041000800123082001600131100001900147245002900166260005000195300007000245490002200315650002400337856007500361LK-CoMWRAF20231109121254.0230817t1964 ||||| |||| 00| 0 eng d a0748605142 aLK-CoMWRAFdLK-CoMWRAFeLK-CoMWRAF aeng a340.59bCOU aCoulson, N. J. aA History of Islamic Law aEdinburgh:bEdinburgh University Press,c1964 aviii, 264 p. ; 21 cm.bGlossary, Bibliography and Index included. aIslamic Surveys-2 aISLAMIC LAW-History uhttps://books-library.net/files/books-library.online-02282153Tv3Z6.pdf